Statistiken für Österreichische Bundesländer - Flaggenkarte

Klicken Sie hier um das Quiz zu spielen!

Allgemein

  • Dieses Quiz wurde 114 mal gespielt
  • Das Durchschnittsergebnis liegt bei 9 aus 9

Antworten auf der Karte

Die Antworten werden auf der Karte rot bzw. grün angezeigt, abhängig davon wie oft sie richtig erraten wurden.
 

Antwortstatistiken

Antwort% Korrekt
Wien
100%
Tirol
98%
Niederösterreich
97%
Oberösterreich
97%
Burgenland
94%
Salzburg
94%
Vorarlberg
94%
Kärnten
91%
Steiermark
91%

Verteilung der Resultate

Perzentil nach korrekt beantworteten Fragen

Anzahl Personen mit jedem Resultat

Ihre Resultats-Entwicklung

Sie haben dieses Quiz noch nicht gespielt